| 000 | 01204nam0a2200337 4500 | ||
|---|---|---|---|
| 001 | RU\NLR\bibl\474776 | ||
| 005 | 20250623191319.0 | ||
| 010 |
_a5-94107-028-4 _93000 |
||
| 021 |
_aRU _b2003-57670 _92820 |
||
| 035 | _a(NLR Aleph) 000467828 | ||
| 090 |
_a974590 _c974590 |
||
| 100 | _a20031222d2003 |||y0rusy50 ca | ||
| 101 | 0 | _arus | |
| 102 | _aRU | ||
| 105 | _aa ||||||||| | ||
| 200 | 1 |
_aЧау-чау _fС.А. Успенская |
|
| 210 |
_aМ. _cКомпания Дельта М _d2003 |
||
| 215 |
_a93,[1] с. , [4] л. цв. ил. _cил. _d20 |
||
| 225 | 1 | _aДомашние любимцы | |
| 300 | _aНа обл. авт. не указан | ||
| 320 | _aБиблиогр. в подстроч. примеч. | ||
| 606 | 0 |
_aЧау-чау _jПопулярные издания _91662879 _3RU\NLR\auth\661035615 |
|
| 686 | _aП673.39чау-чау я9 | ||
| 700 | 1 |
_4070 _7ca _8rus _aУспенская _bС. А. _cзоотехник _f1966- _gСветлана Александровна _9238074 _3RU\NLR\AUTH\770238130 |
|
| 801 | 0 |
_aRU _bNLR _c20031222 _gPSBO |
|
| 801 | 1 |
_aRU _bNLR _c20031222 |
|
| 830 | _aАвт. по кн. | ||
| 942 | _cBOOK | ||
| 980 | _aNB | ||